000 00598nam a2200241Ia 4500
003 OSt
005 20221007082558.0
006 a|||||r|||| 00| 0
007 ta
008 221006b |||||||| |||| 00| 0 eng d
024 _a9,937
037 _cReference Collections
040 _aFLL
_cFLL
_beng
041 _2eng
_aeng
082 _aZ73,3, N6
100 _aFuller Lon L. Au.
245 0 _aBasic contract law
250 _a6th
260 _c1996
300 _axliv,1078p
_ccm.
942 _hZ73,3, N6
_cREF
_2CC
999 _c1166935
_d1166935